00512nam a2200193 a 4500001001300000003000900013005001700022008004100039020001000080082001600090100001300106245007000119260004000189300000900229500003500238505001300273650001900286700001300305nice12345678IN_TiNIC20260116011312.0050524s1885 lona grp 000 0 ara  ac10000a492.75bSOC aSocin, A aArabic Grammarb Paradigms, Literature, Chrestomathy and Glossary aLondonbCarlsruhe and Leipsicc1885 a191p aincludes index and biblioraphy2 aGlossary aArabic-Grammar1 aSocin, A